000 00722nam a22002177a 4500
003 DO-SdBNP
005 20210826154812.0
007 ta
008 210826e2018 dr ||||gr|||| 001 edspa d
020 _a9789945915860
040 _aDO-SdBNP
_bspa
_cBNPHU
082 _bB428m
100 1 _aBelén, Malaquía,
_d1977
_979593
245 1 3 _aMujeres diferentes en otra dimensión /
_cMalaquías Belén; Marleny Alt. Castillo de Belén, pról.
260 _aSanto Domingo :
_bPublicaciones Libertad,
_c2018
300 _a141 p.;
_c21 cm
500 _aIncluye biografía del autor en la cubierta posterior.
590 _aInventariado 2021 / MF
700 1 2 _aCastillo de Belén, Marleny Alt.
_e pról.
_979594
942 _2ddc
_cLBS1
999 _c50296
_d50296